| LEADER 00000nam 2200000uu 4500 |
| 001 212284 |
| 003 ULIBM |
| 008 020711s2559 th a 000 0 tha d |
| 020 9786164137950
|
| 050 LC 315.T5 อ911ก 2559
|
| 100 เอมอัชฌา วัฒนบุรานนท์
|
| 245 การวิจัยพัฒนาโมเดลเลิฟเพื่อสร้างเสริมความเป็นมนุษย์ที่สมบูรณ์ :^bชุดโครงการวิจัยสำหรับนิสิตระดับอุดมศึกษา=Development research of love model for enhancing comprehensive humanization : a research program for higher education students/^cเอมอัชฌา วัฒนบุรานนท์
|
| 246 31 ^aDevelopment research of love model for enhancing comprehensive humanization : a research program for higher education students
|
| 250 พิมพ์ครั้งที่ 1
|
| 260 กรุงเทพฯ :^bโอ.เอส.พริ้นติ้ง เฮ้าส์ จำกัด,^c2559
|
| 300 ก-ผ,422 หน้า :^bภาพประกอบ ;^c26 ซม.
|
| 650 4 สุขศึกษา^xการศึกษาและการสอน
|
| 650 4 ^aการเรียนรู้^xแง่ศีลธรรมจรรยา
|
| 650 4 ^aจิตตปัญญาศึกษา
|
| 650 4 ^aเพศศึกษาสำหรับวัยรุ่น
|
| 856 ^zการวิจัยโมเดลเลิฟ.pdf (สารบัญหนังสือ)^uhttp://110.164.94.213/ULIB62015//_fulltext/5/212284/20190404095630_2242.pdf |
| 999 ^aใช้งานได้ทุกระบบ
|